• 首页
  • 本馆介绍
  • 公告通知
  • 最新文献
  • 馆藏检索
  • 电子资源
  • 读者导购
  • 参考咨询
  • 我的图书馆
  • 登录
  • 详细信息显示
  • 放入我的书架
  • 预约/预借图书
  • 作者相关作品
  • 分类相关作品
  • 丛书相关作品
  • 出版社相关作品

书目信息

  • 表格格式
  • 工作单格式
  • 卡片格式
题名:
文明礼仪普及读本
    
 
作者: 张慧光 , 滕毅 主编 ;首都精神文明建设委员会办公室 编
分册:  
出版信息: 北京   京华出版社  2005
页数: 108页
开本: 20cm
丛书名:
单 册:
中图分类: K891.26
科图分类:
主题词: 礼仪--通俗读物 , 礼仪
电子资源:
ISBN: 7-80600-966-3
000 01083nam0 2200277 45
001 0120055081901
005 20070103155536.43
010    @a7-80600-966-3@dCNY9.00
092    @aCN@b460532
100    @a20050819d2005 em y0chiy0120 ea
101 0  @achi
102    @aCN@b110000
105    @aa z 000yy
200 1  @a文明礼仪普及读本@Awen ming li yi pu ji du ben@f张慧光,滕毅主编@Fzhang hui guang, teng yi zhu bian@g首都精神文明建设委员会办公室编@Gshou du jing shen wen ming jian she wei yuan hui ban gong shi bian
205    @a2版
210    @a北京@c京华出版社@d2005
215    @a108页@c彩照@d20cm
330    @a本书从个人礼仪、家庭礼仪、社交礼仪、工作礼仪等多方面讲述了人与人在社会交往中应注意哪些礼仪,并做了非常详细具体的指导,应用性很强。
606 0  @a礼仪@j通俗读物
606 0  @a礼仪
690    @aK891.26@v4
701  0 @a张慧光@Azhang hui guang@4主编
701  0 @a滕毅@Ateng yi@4主编
712 02 @a首都精神文明建设委员会办公室@Ashou du jing shen wen ming jian she wei yuan hui ban gong shi@4编
801  0 @aCN@bLZJBOOK@c20070103
905    @a10447@dK891.26@e134=2
    
    文明礼仪普及读本/张慧光,滕毅主编/首都精神文明建设委员会办公室编.-2版.-北京:京华出版社,2005
    108页:彩照;20cm
    
    
    ISBN 7-80600-966-3:CNY9.00
    本书从个人礼仪、家庭礼仪、社交礼仪、工作礼仪等多方面讲述了人与人在社会交往中应注意哪些礼仪,并做了非常详细具体的指导,应用性很强。
●
相关链接 在E读中查询图书 在五车中查询图书 在当当中查询图书 在豆瓣中查询图书


正题名:文明礼仪普及读本     索取号:K891.26/134=2         预约/预借

序号 登录号 条形码 馆藏地/架位号 状态 备注
1 0551312   205513121   第二样本阅览室/ [索取号:K891.26/134=2] 在馆    
2 0551313   205513130   第二借阅区/ [索取号:K891.26/134=2] 在馆    
3 0551314   205513149   第二借阅区/ [索取号:K891.26/134=2] 在馆    
4 0551315   205513158   第二借阅区/ [索取号:K891.26/134=2] 在馆    
5 0551316   205513167   密集书库/ [索取号:K891.26/134=2] 在馆    
6 0551317   205513176   第二借阅区/ [索取号:K891.26/134=2] 在馆    
7 0551318   205513185   密集书库/ [索取号:K891.26/134=2] 在馆    
8 0551319   205513194   第二借阅区/ [索取号:K891.26/134=2] 在馆    
唐山师范学院图书馆 欢迎您!
大连网信软件有限公司© 版权所有